000 00693nam a2200241Ia 4500
003 OSt
005 20220926004533.0
006 a|||||r|||| 00| 0
007 ta
008 220923b |||||||| |||| 00| 0 eng d
020 _a8185047103
037 _cGeneral Book
040 _aRTL
_cRTL
_beng
041 _2eng
_aeng
082 _aX:75-77.2.N9, N2
100 _aParmar Mary
_9308838
245 0 _aDevelopment planning in India
260 _a New Delhi
_bReliance Publishing House India
_c1992
300 _axiv,250p. Bib. p.237-47
_ccm.
650 _aPlanned Economics
_9241820
942 _hX:75-77.2.N9, N2
_cGB
_2CC
999 _c611536
_d611536